=LDR 00000nam 2200000 4500 =001 INLIS000000000062039 =005 20230414011218 =035 ##$$a 0010-0423000005 =007 ta =008 230414################g##########0#ind## =020 ##$$a 978-979-3653-48-8 =082 ##$$a 297.412 =084 ##$$a 297.412 ALH j =100 3#$$a Al-Haddad, Mu'min =245 1#$$a Jangan shalat bersama setan /$c Mu'min Al-Haddad =250 ##$$a cet 2 =260 ##$$a Solo :$b Aqwam,$c 2018 =300 ##$$a 192 halaman ; $c 21 cm =650 #4$$a Salat =990 ##$$a 5202300163